Normal view MARC view
  • Mishkin, Frederic S.,

Entry Personal Name

Number of records used in: 1

001 - CONTROL NUMBER

  • control field: 18138

003 - CONTROL NUMBER IDENTIFIER

  • control field: NUST

005 - DATE AND TIME OF LATEST TRANSACTION

  • control field: 20190718144307.0

008 - FIXED-LENGTH DATA ELEMENTS

  • fixed length control field: 190718|| aca||aabn | a|a d

040 ## - CATALOGING SOURCE

  • Original cataloging agency: NUST
  • Transcribing agency: NUST

100 ## - HEADING--PERSONAL NAME

  • Personal name: Mishkin, Frederic S.,
  • Relator term: author.

670 ## - SOURCE DATA FOUND

  • Source citation: Work cat.: (NUST)0: Mishkin, Frederic S., author., The economics of money, banking, and financial markets /
© 2023 Central Library, National University of Sciences and Technology. All Rights Reserved.